000 00991nas a2200313 4500
001 BR2019001594
003 BR-BrBNA
005 20231205131936.0
007 ta
008 230509b bl.|||p| |||| 00| 00por d
040 _aBR-BrBNA
_bpor
_cBiblioteca Nacional de Agricultura
041 _a(Pt)
072 _aF30
100 1 _aMatias, R.G.P.
100 1 _aBruckner, C.H.
100 1 _aSilva, D.F.P. da
100 1 _aCarneiro, P.C.S.
100 1 _aSIlva, J.O. da C. e
245 1 _aRepetibilidade de caracteres de fruto em pessegueiro
650 _aPÊSSEGO
650 _aNECTARINA
650 _aGENÓTIPO
650 _aPROPRIEDADE FÍSICO-QUÍMICA
650 _aMELHORAMENTO GENÉTICO VEGETAL
773 0 _tRevista Brasileira de Fruticultura (Brazil)
_xISSN 1806-9967
_g(Oct-Dec 2015), v. 37(4) p. 1001-1008
_wBR2019001594
856 4 0 _uhttp://www.scielo.br/pdf/rbf/v37n4/0100-2945-rbf-37-4-1001.pdf
909 _a202311
_bLúcia
_c55
_dLúcia Elande
942 _2AGRIS
_n0
_cANA
999 _c257605
_d257605